Countries Bordering Algeria - 30 Seconds - Statistics

General Stats
  • This quiz has been taken 149 times
  • The average score is 5 of 6
Answer Stats
Country % Correct
Morocco
98%
Tunisia
95%
Libya
91%
Mali
90%
Mauritania
88%
Niger
87%
No matching quizzes found
Score Distribution
Percent of People with Each Score
Percentile by Number Answered
Your Score History
You have not taken this quiz